| 000 | 01697cam a2200373Li 4500 | ||
|---|---|---|---|
| 001 | ocn493946743 | ||
| 003 | TZ-ArACH | ||
| 005 | 20120522145130.0 | ||
| 008 | 070302s2006 be f 000 0 fre d | ||
| 020 | _a3719025594 (Helbing & Lichtenhahn) | ||
| 020 | _a9783719025595 (Helbing & Lichtenhahn) | ||
| 020 | _a2802722727 (Bruylant) | ||
| 020 | _a9782802722724 (Bruylant) | ||
| 035 | _a(OCoLC)493946743 | ||
| 040 |
_aZWZ _encafnor _bfre _cZWZ |
||
| 041 | _aFre | ||
| 044 |
_abe _asz _agw |
||
| 049 | _aTZAA | ||
| 050 |
_aKZ6374 .K65 _b.K65 |
||
| 100 | 1 |
_aKolb, Robert _d(1967-....). _eAuteur. _95583 |
|
| 245 | 1 | 0 |
_aDroit humanitaire et opérations de paix internationales _h[Texte imprimé] : les modalités d'application du droit international humanitaire dans les opérations de maintien ou de rétablissement de la paix auxquelles concourt une organisation internationale (en particulier les Nations Unies) / _cRobert Kolb ; préfacé par Linos-Alexandre Sicilianos. |
| 250 | _a2e éd. | ||
| 260 |
_aGenève ; _aBâle ; _aMunich : _bHelbing & Lichtenhahn ; _aBruxelles : _bBruylant, _ccop. 2006. |
||
| 300 |
_a1 vol. (XVI-136 p.) : _bcouv. ill. ; _c23 cm. |
||
| 490 | 1 | _aCollection de droit international public | |
| 504 | _aBibliogr. p. 125-128. Notes bibliogr. | ||
| 650 | 7 |
_aDroit humanitaire. _2ram _95584 |
|
| 650 | 7 |
_aGuerre (droit international). _2ram _95585 |
|
| 650 | 7 |
_aMaintien de la paix. _2ram _95586 |
|
| 700 | 1 |
_aSicilianos, Linos-Alexandre. _ePréface. _95587 |
|
| 830 | 0 |
_aCollection de droit international public. _95588 |
|
| 942 |
_2lcc _cBOOK |
||
| 999 |
_c1674 _d1674 |
||